Sports Quiz

Random Sports or NHL Quiz

2013 Former Detroit Red Wings (Active) Quiz Stats

 Plays Quiz not verified by Sporcle

Score 0/14 Timer 10:00
0 Plays Today
Current Team Player % Correct
Calgary (C)Jiri Hudler
84%
San Jose (D)Brad Stuart
84%
Chicago (RW)Marian Hossa
68%
Calgary (G)Joey MacDonald
62.3%
Buffalo (LW)Ville Leino
58.3%
Florida (RW)Tomas Kopecky
54.9%
Philadelphia (D)Andreas Lilja
46.9%
Current Team Player % Correct
Dallas (LW)Ray Whitney
38.3%
Winnipeg (D)Derek Meech
29.1%
Philadelphia (RW)Mike Knuble
21.7%
Philadelphia (D)Kent Huskins
20%
Buffalo (LW)Matt Ellis
18.9%
NY Rangers (C)Kris Newbury
18.3%
Phoenix (RW)Chris Conner
10.3%

You're not logged in!

Compare scores with friends on all Sporcle quizzes.
OR
Log In

You Might Also Like...

Show Comments

Extras

Top Quizzes Today


Score Distribution

Your Account Isn't Verified!

In order to create a playlist on Sporcle, you need to verify the email address you used during registration. Go to your Sporcle Settings to finish the process.

Report this User

Report this user for behavior that violates our Community Guidelines.

Details: